| 000 | 00621nam a22001817a 4500 | ||
|---|---|---|---|
| 005 | 20180504163931.0 | ||
| 010 | _aENG-122493 | ||
| 020 |
_a9789381950524 _c595.00 |
||
| 035 | _aEN-106025 | ||
| 037 | _bDBAD/PUB | ||
| 082 | _a370.1130954 | ||
| 100 | _aTater, Sohan Raj | ||
| 245 |
_aFundamentals of skill development / _cby Tater, Sohan Raj |
||
| 260 |
_aJaipur _bSankalp Prakashan _c2018 |
||
| 270 |
_a467, Badayon ka Chowk, Govindrao Ji Ka Rasta, Chanpole Bazar, _bJaipur _e302001 _k4004330 _msankalpprakashanjpr@gmail.com |
||
| 300 |
_a156p. _bill. _c20cm(Hb) |
||
| 942 |
_2ddc _cEN _mTAT _h370.1130954 |
||
| 999 |
_c150797 _d150797 |
||